00341nam a2200133Ia 4500008004100000024001400041082001700055100001900072245001400091260002600105600002100131650003800152999001700190260210s9999 xx 000 0 und d a11B-23-BS a005.1072 SYE aSyed Munib Ali 0aE-Banking aKarachi:bUITU,c2011 aComputer Science aBachelor of Computer Science (BS) c32175d32175